00617nam a2200205Ia 4500003000900000008004100009040001300050040001300063041000800076100001800084245020800102250000900310260001800319260000900337300001200346300001200358490000600370700002400376700001100400IT-RoPAU120407s9999 xx 000 0 und d aIT-RoPAU cIT-RoPAU aita aLuigi Carozzi aLe lettere... Testo latino dall’edizione maurina confrontato con il Corpus scriptorum ecclesiasticorum Latinorum. Introd. di Michele Pellegrino. Trad. di T. Alimonti e L. Carozzi, note di Luigi Carozzi aRoma aCittà Nuova c1971 a1247 p. c23,5 cm v1 aAugustinus Aurelius csantus